Let us be Muslima
| Main Author: | |
|---|---|
| Format: | Book |
| Published: |
Kuala Lumpur :
As Noordeen ,
1991
|
| Subjects: |
MARC
| LEADER | 00000cam a2200000 7i4500 | ||
|---|---|---|---|
| 001 | 0000004034 | ||
| 002 | 000004344 | ||
| 005 | 20000330.0 | ||
| 020 | |a 0860371573 | ||
| 090 | 0 | 0 | |a 297 |b SAY |
| 100 | 0 | |a Sayyid Abul A'la Mawdudi | |
| 245 | 1 | 0 | |a Let us be Muslima |c by Sayyid Abu A'la Mawdudi ; edifed by Khurram Murad |
| 260 | |a Kuala Lumpur : |b As Noordeen , |c 1991 | ||
| 300 | |a 311p. : |b 20cm | ||
| 650 | 0 | 0 | |a Islam |
| 999 | |a 033377 |b BUKU |c PINJAMAN |e PERPUSTAKAAN KOMUNITI PETALING JAYA | ||